|
|
|
|
| LEADER |
00000nbm0a2200000 4500 |
| 001 |
180619 |
| 005 |
20231031170832.0 |
| 035 |
|
|
|a (RuTPU)RU\TPU\book\195796
|
| 090 |
|
|
|a 180619
|
| 100 |
|
|
|a 20100521d1969 k y0rusy50 ca
|
| 101 |
0 |
|
|a rus
|
| 102 |
|
|
|a RU
|
| 105 |
|
|
|a a p 001zy
|
| 200 |
1 |
|
|a Корреляционная и спектральная характеристики шумов рентгеновских пленок
|e Отчет о НИР
|f Томский политехнический институт (ТПИ) ; руководитель Л. М. Ананьев ; А. Москалева
|
| 210 |
|
|
|a Томск
|d 1969
|
| 215 |
|
|
|a 31 л.
|
| 320 |
|
|
|a Библиогр.: с. 30.
|
| 610 |
1 |
|
|a отчеты о НИР
|
| 610 |
1 |
|
|a корреляционная характеристика
|
| 610 |
1 |
|
|a спектральная характеристика
|
| 610 |
1 |
|
|a шумы
|
| 610 |
1 |
|
|a фильтрация
|
| 610 |
1 |
|
|a рекомендации
|
| 610 |
1 |
|
|a рентгеновские пленки
|
| 675 |
|
|
|a 621.386
|v 3
|
| 702 |
|
1 |
|a Ананьев
|b Л. М.
|c специалист в области электроники
|c доктор технических наук, профессор Томского политехнического университета
|f 1926-1998
|g Лев Мартемьянович
|2 stltpush
|3 (RuTPU)RU\TPU\pers\11866
|4 673
|
| 702 |
|
1 |
|a Москалева
|b А.
|4 677
|
| 712 |
0 |
2 |
|a Томский политехнический институт (ТПИ)
|c (1944-1991)
|2 stltpush
|3 (RuTPU)RU\TPU\col\1123
|4 595
|
| 801 |
|
1 |
|a RU
|b 63413507
|c 20100521
|
| 801 |
|
2 |
|a RU
|b 63413507
|c 20220215
|g RCR
|
| 942 |
|
|
|c BK
|